000 00526nam a2200217Ia 4500
003 OSt
005 20220928143053.0
006 a|||||r|||| 00| 0
007 ta
008 220927b |||||||| |||| 00| 0 eng d
024 _a20971
037 _cTextual
040 _aSDCL
_cSDCL
_beng
041 _2eng
_aeng
082 _aW691, L5
100 _aGombin Richard
_9504517
245 0 _aOrigins of modern leftism
260 _c1975
942 _hW691, L5
_cTEXL
_2CC
999 _c823036
_d823036